000 01174cam a22003257a 4500
003 CHAP
005 20220329142559.0
008 010920d2001 mx r 00110 spa d
010 _a85245
011 _a86217
035 _a96755
040 _cCHAP
090 _aTesis
100 0 0 _aZavala Mosqueda, José Encarnación.
_9123801
245 1 0 _aDosis óptima económica de fertilización y densidades de siembra para anís (Pimpinella anisum L.) en Huanímaro, Guanajuato
_c/por José Encarnación Zavala Mosqueda
260 _aChapingo, Méx. :
_bEl autor,
_c2001.
300 _a71 h.
502 _aTesis Ing. Agr. esp. en Fitotecnia) -- UACH. Departamento de Fitotecnia
590 _aALEPH
_b10
_c20130110
_lUCH01
_h1445
590 _aBATCH-UPD
_b10
_c20130110
_lUCH01
_h0752
590 _aBATCH-UPD
_b10
_c20130410
_lUCH01
_h0432
590 _aBATCH-UPD
_b10
_c20130914
_lUCH01
_h0350
590 _aCONVERSION
_b10
_c20130109
_lUCH01
_h1347
650 1 4 _aAnís.
_96000
901 _aBK
905 _aAlejandra Carrasco M.
942 _cFOLL
949 _aTesis
_bBC
_cTES
_d33724000860409
_eTS2
_fc.2
_h39123
_i96755
_si
949 _aTesis
_bBC
_cTES
_d967551
_eTS1
_h39122
_i96755
_sb
999 _c85245
_d85245